Wszystkie Kolory W GTA 5 - Statystyki

Ogólne statystyki
  • Ten quiz został rozwiązany 150 razy
  • Średni wynik to 8 z 74
Statystyki odpowiedzi
Kolor % Poprawnych
Żółty
50%
Pomarańczowy
38%
Czerń
37%
Śnieżna Biel
31%
Lodowa Biel
27%
Błękit
26%
Czerwień
26%
Kanarkowy
26%
Wyścigowa Czerwień
26%
Złoty
25%
Brązowy
20%
Wyścigowy Żółty
20%
Nocny Fiolet
17%
Łososiowy Róż
16%
Gorący Róż
15%
Turyńska Czerwień
15%
Winna Czerwień
15%
Wulkaniczna Czerwień
15%
Cytrusowa Zieleń
14%
Grafit
14%
Nocny Błękit
14%
Srebro
13%
Ultra Błękit
13%
Węglowa Czerń
12%
Benzynowa Zieleń
11%
Diamentowy Błękit
11%
Ciemna Zieleń
10%
Cukierkowa Czerwień
9%
Jasny Błekit
9%
Jasny Pomarańczowy
9%
Oliwkowa Zieleń
9%
Wyścigowa Zieleń
9%
Antracytowa Czerń
8%
Ciemna Stal
8%
Jasna Zieleń
8%
Kremowy
8%
Morska Zieleń
8%
Róż Pfister
8%
Jasny Fiolet
7%
Morski Błękit
7%
Schafterowy Fiolet
7%
Słoneczny Pomarańczowy
7%
Błękitne Srebro
6%
Kosmiczny Błękit
6%
Słoneczna Czerwień
6%
Walcowana Stal
6%
Wyścigowy Błękit
6%
Brąz Feltzer
5%
Ciemnobłękitny
5%
Czekoladowy
5%
Czerwień Cabernet
5%
Futrzany Brąz
5%
Granatowa Czerwień
5%
Kamienne Srebro
5%
Kawowy Brąz
5%
Marynarski Błękit
5%
Płomienna Czerwień
5%
Skórzany Brąz
5%
Surferski Błękit
5%
Klonowy Brąz
4%
Saksoński Błękit
4%
Żaglowy Fiolet
4%
Żeliwne Srebro
4%
Brąz Sieneński
3%
Cieniowane Srebro
3%
Mchowaty Brąz
3%
Metalizowany Błękit
3%
Nocne Srebro
3%
Piaskowy Brąz
3%
Rozjaśniony Brąz
3%
Wdzięczna Czerwień
3%
Ciemny Bukowy Brąz
2%
Jasny Bukowy Brąz
2%
Słomiany Brąz
2%
Nie znaleziono quizów pasujących do podanych kryteriów
Rozkład punktacji
Procent ludzi z każdym wynikiem
Percentyl według liczby udzielonych odpowiedzi
Twoja historia wyników
Nie rozwiązałeś tego quizu